000 00669nam a2200217 i 4500
001 bg
245 0 0 _aPrzyrodniczo-techniczne przetwarzanie osadów ściekowych na kompost :
_bsynteza wyników programu badawczego /
_ckier. przez Jana Siutę ; Instytut Ochrony Środowiska.
260 _aWarszawa :
_bIOŚ,
_c1996.
300 _a40 s., [10] s. fot. kolor. ;
_c24 cm.
504 _aBibliogr. s. 36-37.
650 9 _aŚcieki
_xtechnologia
650 9 _aKompost
700 1 _aSIUTA, Jan.
020 _a8385805346
040 _cBPK
041 0 _apl
080 _a628.3:631.8
920 _a83-85805-34-6
942 _cKS
008 s pl f |000 0 pol
999 _c32240
_d32240
856 _uhttp://koha.tu.koszalin.pl/cgi-bin/koha/opac-detail.pl?biblionumber=32240
_yKatalog online BPK